Entry Nombre personal
001 - NÚMERO DE CONTROL
- campo de control: 22326
003 - IDENTIFICADOR DE NÚMERO DE CONTROL
- campo de control: SpMaBN
005 - FECHA Y HORA DE LA ÚLTIMA TRANSACCIÓN
- campo de control: 20230906193810.0
008 - ELEMENTOS DE DATO DE LONGITUD-FIJA
- campo de control de longitud fija: 900725nn ainnnaabn n aaa
016 ## - NÚMERO DE CONTROL DE UNA AGENCIA BIBLIOGRÁFICA NACIONAL
- Número de control del registro: BNE19970082651
024 7# - IDENTIFICADOR DE OTROS ESTÁNDARES
- Número estándar o código: http://viaf.org/viaf/2161879143033612187/
- Fuente: viaf
040 ## - FUENTE DE CATALOGACIÓN
- Centro catalogador/agencia de origen: SpMaBN
- Lengua de catalogación: spa
- Centro/agencia transcriptor: SpMaBN
- Normas de descripción: rdc
- Convención/Normas de encabezamiento de materia/tesauro: embne
100 1# - ENCABEZAMIENTO-NOMBRE DE PERSONA
- Nombre de persona: Arantave, Alfonso de
373 ## - GRUPO ASOCIADO
- Grupo asociado: Ateneo de Madrid
- Fuente de información: Cargos históricos del Ateneo de Madrid 1835-1936 (Archivo del Ateneo); Listado de socios anteriores a 1 de abril de 1939 (Archivo del Ateneo)
375 ## - GÉNERO/SEXO
- Género: Masculino
377 ## - IDIOMA ASOCIADO
- Término de lengua/lenguaje: Español
400 1# - TRAZADO DE VÉASE--NOMBRE DE PERSONA
- Nombre de persona: Arantave y Batista, Alfonso de
670 ## - FUENTE DE DATOS ENCONTRADOS
- Cita de la fuente: El duelo en el derecho penal español, 1905
- Información encontrada: portada (por D. Alfonso de Arantave)
670 ## - FUENTE DE DATOS ENCONTRADOS
- Cita de la fuente: WWW Colecciones Digitales de la Universidad de Florida, 10-3-2021
- Información encontrada: (ALFONSO DE ARANTAVE Y BATISTA, El duelo en el derecho penal español)
- Identificador Uniforme de Recursos: https://ufdcimages.uflib.ufl.edu/AA/00/03/13/66/00001/00039.tx t
670 ## - FUENTE DE DATOS ENCONTRADOS
- Cita de la fuente: WWW BN España aut., 06/09/2023
- Información encontrada: (Arantave, Alfonso de)
678 ## - DATOS BIOGRÁFICOS O HISTÓRICOS
- Datos biográficos o históricos: Socio del Ateneo de Madrid n. 7129. Secretario tercero de la Sección de Ciencias Morales y Políticas en 1902-03. Vicepresidente de la Sección de Ciencias Históricas en 1905-07. Secretario primero de la Sección de Ciencias Históricas en 1909-10
- Ampliación de la nota: Fuentes: Cargos históricos del Ateneo de Madrid 1835-1936 (Archivo del Ateneo); Listado de socios anteriores a 1 de abril de 1939 (Archivo del Ateneo)
